The Queen of spades and other stories : Intermediate level

Αποθηκεύτηκε σε:
Λεπτομέρειες βιβλιογραφικής εγγραφής
Κύριος συγγραφέας: Pushkin, Aleksandr Sergeevich 1799-1837
Μορφή: Βιβλίο
Γλώσσα:English
Δημοσίευση: Oxford : Heinemann, 1992
Θέματα:
Ετικέτες: Προσθήκη ετικέτας
Δεν υπάρχουν, Καταχωρήστε ετικέτα πρώτοι!

MARC

LEADER 00000nam a2200000 i 4500
001 1/23263
008 941212s1992 eng d
020 |a 0-435-27239-X 
035 |l 10022052 
040 |a GR-MY-UA  |b gre  |e aacr 
041 0 |a eng 
082 0 |a 428.64 
100 1 |a Pushkin, Aleksandr Sergeevich  |d 1799-1837. 
245 1 4 |a The Queen of spades and other stories :  |b Intermediate level /  |c Aleksandr Pushkin 
260 |a Oxford :   |b Heinemann,   |c 1992 
650 0 0 |a English language  |x Readers. 
852 |a INST  |b CHIOS  |e 19941212  |h 428.64 PUS  |p 005200003851  |q 005200003851  |t BK  |y 0 
909 |a Χ  |b 037415